[Event "Cheliabinsk Region Club-ch sf"]
[Site "Cheliabinsk"]
[Date "2011.10.12"]
[Round "4"]
[White "Gaisin, Nail"]
[Black "Protasov, Alexey"]
[Result "0-1"]
[WhiteElo "1887"]
[BlackElo "1961"]
[PlyCount "56"]
[EventDate "2011.10.12"]
[EventType "swiss"]
[EventRounds "9"]
[EventCountry "RUS"]
[SourceTitle "EXT 2022"]
[Source "ChessBase"]
[SourceDate "2021.10.06"]
[SourceVersion "1"]
[SourceVersionDate "2021.10.06"]
[SourceQuality "1"]

1. e4 c6 2. d4 d5 3. e5 Bf5 4. g4 Bd7 5. h3 e6 6. Bd3 c5 7. c3 Nc6 8. Ne2 Qb6 9. Bc2 Rc8 10. b3 cxd4 11. cxd4 Bb4+ 12. Kf1 Qc7 13. Bb2 Nxe5 14. Nec3 Ng6 15. Qf3 N8e7 16. a3 Ba5 17. Bd1 a6 18. Ne2 Bb5 19. b4 Bb6 20. Nbc3 Bc4 21. Rc1 Bxd4 22. Ba4+ Nc6 23. b5 axb5 24. Bxb5 Bxc3 25. Bxc6+ Qxc6 26. Rxc3 Qb5 27. Rc2 0-0 28. Kg2 Nh4+ 0-1

[Event "Cheliabinsk-ch"]
[Site "Cheliabinsk"]
[Date "2011.03.03"]
[Round "6"]
[White "Protasov, Alexey"]
[Black "Khazhipov, Timur"]
[Result "1/2-1/2"]
[WhiteElo "1914"]
[BlackElo "2029"]
[PlyCount "150"]
[EventDate "2011.02.26"]
[EventType "swiss"]
[EventRounds "9"]
[EventCountry "RUS"]
[SourceTitle "CBM 141 Extra"]
[Source "ChessBase"]
[SourceDate "2011.05.03"]
[SourceVersion "1"]
[SourceVersionDate "2011.05.03"]
[SourceQuality "1"]

1. d4 d5 2. c4 c6 3. Nc3 e6 4. cxd5 exd5 5. Nf3 Bf5 6. Bf4 Bd6 7. Qd2 Nf6 8. Be5 Bxe5 9. Nxe5 Nbd7 10. Qg5 Bg6 11. Nxg6 hxg6 12. Qe3+ Kf8 13. Qd2 Qb6 14. Rc1 Re8 15. e3 Rh4 16. Be2 Ne4 17. Nxe4 Rhxe4 18. 0-0 Nf6 19. g3 g5 20. Rc3 Kg8 21. Rfc1 Qd8 22. Qd1 g6 23. b4 R4e6 24. b5 Ne4 25. R3c2 Qd7 26. Bg4 f5 27. bxc6 bxc6 28. Bf3 Nf6 29. Qd3 g4 30. Bg2 Rc8 31. Qb3 Kf7 32. Rc5 Rc7 33. Bxd5 Nxd5 34. Qxd5 Qxd5 35. Rxd5 Rb7 36. Ra5 Ke7 37. Ra6 Kd7 38. Rc5 Rb1+ 39. Kg2 Rb2 40. Rxa7+ Kd6 41. Ra6 Rxe3 42. Raxc6+ Kd7 43. Rc2 Rxc2 44. Rxc2 Ra3 45. Rd2 Kd6 46. h4 gxh3+ 47. Kxh3 f4 48. Kg2 fxg3 49. f3 Kd5 50. Kxg3 Rc3 51. Kg4 Rc1 52. Kf4 Rc3 53. Kg3 Re3 54. Kf2 Ra3 55. Ke2 Rc3 56. Kf2 Ra3 57. Kg3 Rc3 58. Kg4 Rc1 59. a4 Ra1 60. Kg5 Ra3 61. f4 Rg3+ 62. Kh6 Rf3 63. a5 Rxf4 64. Ra2 Rf8 65. Ra4 Kc6 66. a6 Kb5 67. Ra1 Kc4 68. a7 Ra8 69. Ra4+ Kb5 70. Ra1 Kc4 71. Kxg6 Kxd4 72. Kf6 Kc5 73. Ke6 Kb6 74. Kd6 Rxa7 75. Rb1+ Ka5 1/2-1/2

[Event "Cheliabinsk-ch"]
[Site "Cheliabinsk"]
[Date "2011.03.02"]
[Round "5"]
[White "Berejnoi, Vladimir"]
[Black "Protasov, Alexey"]
[Result "1-0"]
[WhiteElo "2202"]
[BlackElo "1914"]
[PlyCount "85"]
[EventDate "2011.02.26"]
[EventType "swiss"]
[EventRounds "9"]
[EventCountry "RUS"]
[SourceTitle "CBM 141 Extra"]
[Source "ChessBase"]
[SourceDate "2011.05.03"]
[SourceVersion "1"]
[SourceVersionDate "2011.05.03"]
[SourceQuality "1"]

1. e4 c6 2. d4 d5 3. exd5 cxd5 4. Bd3 g6 5. c3 Bg7 6. Nf3 Nf6 7. 0-0 0-0 8. Re1 Nc6 9. Nbd2 Qc7 10. Nf1 a6 11. a4 Bg4 12. Be2 Bxf3 13. Bxf3 e6 14. h4 h5 15. Bg5 Nh7 16. Bd2 Ne7 17. g4 hxg4 18. Bxg4 Nf6 19. Ng3 Nf5 20. Bxf5 gxf5 21. Nh5 Ng4 22. Bf4 Qe7 23. Bg3 Bh6 24. Kg2 Kh7 25. Qd3 Rg8 26. Qxf5+ Rg6 27. Qd3 Kh8 28. Kh3 Rag8 29. f3 Nf6 30. Be5 Bg7 31. Nxg7 R8xg7 32. Qe3 Kh7 33. Rg1 Qf8 34. Rxg6 Rxg6 35. Rg1 Qg8 36. Qd3 Ne4 37. fxe4 Rxg1 38. exd5+ f5 39. Qf3 Qg4+ 40. Qxg4 fxg4+ 41. Kh2 Rf1 42. dxe6 Kg6 43. h5+ 1-0

[Event "Cheliabinsk-ch"]
[Site "Cheliabinsk"]
[Date "2011.03.01"]
[Round "4"]
[White "Protasov, Alexey"]
[Black "Eryshkanova, Anastasiya"]
[Result "1-0"]
[WhiteElo "1914"]
[BlackElo "2168"]
[PlyCount "75"]
[EventDate "2011.02.26"]
[EventType "swiss"]
[EventRounds "9"]
[EventCountry "RUS"]
[SourceTitle "CBM 141 Extra"]
[Source "ChessBase"]
[SourceDate "2011.05.03"]
[SourceVersion "1"]
[SourceVersionDate "2011.05.03"]
[SourceQuality "1"]

1. d4 d5 2. c4 c6 3. Nc3 Nf6 4. cxd5 cxd5 5. Qb3 Nc6 6. Nf3 e6 7. Bg5 Be7 8. e3 0-0 9. Bd3 a6 10. 0-0 Kh8 11. Rac1 b5 12. Qc2 Nb4 13. Qe2 Nxd3 14. Qxd3 b4 15. Na4 Bd7 16. Qd1 Bb5 17. Re1 Qa5 18. b3 Rac8 19. Ne5 Kg8 20. Rc2 Rxc2 21. Qxc2 Bxa4 22. bxa4 b3 23. Qd1 Qxa4 24. Qxb3 Qxb3 25. axb3 Bb4 26. Rc1 Ne4 27. Bf4 g5 28. Bg3 Bd2 29. Ra1 h5 30. Nc6 Kg7 31. Rxa6 Rc8 32. Be5+ f6 33. Bb8 h4 34. Ra7+ Kh6 35. Rc7 Rf8 36. Ba7 g4 37. Kf1 Nd6 38. Bc5 1-0

[Event "Cheliabinsk-ch"]
[Site "Cheliabinsk"]
[Date "2011.02.28"]
[Round "3"]
[White "Protasov, Alexey"]
[Black "Tsvetkov, Pavel"]
[Result "1-0"]
[WhiteElo "1914"]
[BlackElo "2060"]
[PlyCount "89"]
[EventDate "2011.02.26"]
[EventType "swiss"]
[EventRounds "9"]
[EventCountry "RUS"]
[SourceTitle "CBM 141 Extra"]
[Source "ChessBase"]
[SourceDate "2011.05.03"]
[SourceVersion "1"]
[SourceVersionDate "2011.05.03"]
[SourceQuality "1"]

1. d4 Nf6 2. c4 g6 3. Nc3 d5 4. Bf4 Bg7 5. e3 0-0 6. cxd5 Nxd5 7. Nxd5 Qxd5 8. Bxc7 Na6 9. Bxa6 bxa6 10. Nf3 Bg4 11. h3 Bf5 12. 0-0 Qb7 13. Be5 f6 14. Bg3 Qxb2 15. Qb3+ Qxb3 16. axb3 Rac8 17. Rfc1 Bd3 18. Nd2 e5 19. dxe5 fxe5 20. Nc4 Rb8 21. Bxe5 Rxb3 22. Bxg7 Kxg7 23. Ne5 Bb5 24. Rc7+ Kg8 25. Rxa7 Rb2 26. f3 Rc8 27. Rd1 a5 28. Ng4 h5 29. Nf6+ Kf8 30. Rh7 Rbc2 31. Rd5 R2c5 32. Rh8+ Kf7 33. Rxc8 Rxc8 34. Rxb5 Kxf6 35. Rxa5 Rc2 36. h4 Rc4 37. e4 Rc2 38. Kh2 Rb2 39. Ra3 Rd2 40. Kg3 Re2 41. Ra6+ Kf7 42. Ra5 Kf6 43. Rg5 Re1 44. Kf4 Rh1 45. g3 1-0

[Event "Moscow op-C"]
[Site "Moscow"]
[Date "2011.02.04"]
[Round "7"]
[White "Protasov, Alexey"]
[Black "Vorobjev, Dmitry"]
[Result "0-1"]
[WhiteElo "1914"]
[BlackElo "2154"]
[PlyCount "50"]
[EventDate "2011.01.29"]
[EventType "swiss"]
[EventRounds "9"]
[EventCountry "RUS"]
[SourceTitle "EXT 2012"]
[Source "ChessBase"]
[SourceDate "2011.11.24"]
[SourceVersion "1"]
[SourceVersionDate "2011.11.24"]
[SourceQuality "1"]

1. d4 Nf6 2. c4 g6 3. f3 Bg7 4. e4 0-0 5. Bd3 d6 6. Ne2 Nc6 7. Nbc3 Nd7 8. Be3 e5 9. d5 Nd4 10. Bxd4 exd4 11. Nb5 Ne5 12. Nbxd4 c5 13. dxc6 Qa5+ 14. Kf1 bxc6 15. Nb3 Qb4 16. a3 Qb6 17. Rb1 Rb8 18. Nec1 Ba6 19. Qe2 Nxd3 20. Qxd3 d5 21. Nd2 dxc4 22. Nxc4 Qc5 23. b3 Rfd8 24. Qc2 Bxc4+ 25. bxc4 Rxb1 0-1

[Event "Moscow op-C"]
[Site "Moscow"]
[Date "2011.02.02"]
[Round "5"]
[White "Protasov, Alexey"]
[Black "Vetryansky, Vladimir"]
[Result "0-1"]
[WhiteElo "1914"]
[BlackElo "2244"]
[PlyCount "78"]
[EventDate "2011.01.29"]
[EventType "swiss"]
[EventRounds "9"]
[EventCountry "RUS"]
[SourceTitle "EXT 2012"]
[Source "ChessBase"]
[SourceDate "2011.11.24"]
[SourceVersion "1"]
[SourceVersionDate "2011.11.24"]
[SourceQuality "1"]

1. d4 d5 2. c4 c6 3. e3 e6 4. Nf3 f5 5. Ne5 Nf6 6. Be2 Nbd7 7. f4 Nxe5 8. fxe5 Ne4 9. 0-0 Be7 10. cxd5 cxd5 11. Bb5+ Bd7 12. Bxd7+ Qxd7 13. Qh5+ g6 14. Qe2 Rc8 15. Qd3 0-0 16. Bd2 Rc4 17. Nc3 Rfc8 18. a3 b5 19. Rfc1 Ng5 20. b3 b4 21. bxc4 dxc4 22. Qe2 bxc3 23. Bxc3 Ne4 24. Bb4 Bg5 25. Bc5 c3 26. Rc2 Qa4 27. Rac1 Qb3 28. Qd3 a5 29. Rxc3 Nxc3 30. Rxc3 Qb7 31. Rb3 Qd5 32. Rb5 a4 33. Kf2 Bh4+ 34. g3 Bg5 35. Qb1 Rc7 36. Be7 Bxe3+ 37. Kxe3 Rc3+ 38. Kf4 Qf3+ 39. Kg5 Kf7 0-1

[Event "Moscow op-C"]
[Site "Moscow"]
[Date "2011.02.01"]
[Round "4"]
[White "Kartsev, Sergei"]
[Black "Protasov, Alexey"]
[Result "0-1"]
[WhiteElo "2112"]
[BlackElo "1914"]
[PlyCount "88"]
[EventDate "2011.01.29"]
[EventType "swiss"]
[EventRounds "9"]
[EventCountry "RUS"]
[SourceTitle "EXT 2012"]
[Source "ChessBase"]
[SourceDate "2011.11.24"]
[SourceVersion "1"]
[SourceVersionDate "2011.11.24"]
[SourceQuality "1"]

1. e4 c6 2. d4 d5 3. e5 Bf5 4. Nf3 e6 5. Be2 c5 6. 0-0 Nc6 7. Nbd2 Qb6 8. dxc5 Qxc5 9. c3 Nge7 10. Nb3 Qb6 11. Be3 Qc7 12. Nbd4 a6 13. Qa4 Qd7 14. Nb5 Ng6 15. c4 Rc8 16. cxd5 exd5 17. Nc3 Bb4 18. Rad1 Bxc3 19. bxc3 Ncxe5 20. Qa3 Nxf3+ 21. Bxf3 Qe7 22. Qb3 Be4 23. Bxe4 dxe4 24. Bc1 Qe6 25. Ba3 Qxb3 26. axb3 Rxc3 27. Rfe1 f5 28. g4 Nh4 29. Re3 Rxe3 30. fxe3 fxg4 31. Kf2 Nf5 32. Rd5 g6 33. Bc5 b5 34. b4 h5 35. Re5+ Kd7 36. Rxe4 Re8 37. Rf4 Nd6 38. Rd4 Re6 39. e4 Kc6 40. e5 Nf7 41. Kg3 Rxe5 42. Rf4 Ng5 43. Rf8 Ne4+ 44. Kf4 Nxc5 0-1

[Event "Moscow op-C"]
[Site "Moscow"]
[Date "2011.01.31"]
[Round "3"]
[White "Protasov, Alexey"]
[Black "Cherny, Oleg"]
[Result "1-0"]
[WhiteElo "1914"]
[BlackElo "2046"]
[PlyCount "77"]
[EventDate "2011.01.29"]
[EventType "swiss"]
[EventRounds "9"]
[EventCountry "RUS"]
[SourceTitle "EXT 2012"]
[Source "ChessBase"]
[SourceDate "2011.11.24"]
[SourceVersion "1"]
[SourceVersionDate "2011.11.24"]
[SourceQuality "1"]

1. d4 d5 2. c4 e6 3. Nf3 Nf6 4. e3 Nbd7 5. Nc3 b6 6. cxd5 exd5 7. Bb5 Bb7 8. Ne5 Bd6 9. Qa4 a6 10. Bc6 b5 11. Qb3 Qc8 12. Nxd7 Bxc6 13. Nxf6+ gxf6 14. Nxd5 Qf5 15. Nf4 Bxf4 16. exf4 Bxg2 17. Rg1 Bd5 18. Qc3 0-0-0 19. Be3 Rd6 20. Qa3 Qh5 21. b3 Qxh2 22. Kd2 Re8 23. Rac1 Rxe3 24. Kxe3 Re6+ 25. Kd3 Qxf2 26. Rg8+ Kb7 27. Rxc7+ Kxc7 28. Qc5+ Bc6 29. Qa7+ Bb7 30. Qb8+ Kb6 31. Qd8+ Kc6 32. d5+ Kc5 33. Qc7+ Kb4 34. dxe6 Be4+ 35. Kxe4 Qe2+ 36. Kd5 Qxe6+ 37. Kd4 Qe2 38. Qc5+ Ka5 39. Qc3+ 1-0

[Event "Cheliabinsk-ch 1L op"]
[Site "Cheliabinsk"]
[Date "2010.02.04"]
[Round "9"]
[White "Krapivin, Viktor"]
[Black "Protasov, Alexey"]
[Result "1-0"]
[WhiteElo "1942"]
[BlackElo "1929"]
[PlyCount "33"]
[EventDate "2010.01.??"]
[EventType "swiss"]
[EventRounds "9"]
[EventCountry "RUS"]
[SourceTitle "EXT 2012"]
[Source "ChessBase"]
[SourceDate "2011.11.24"]
[SourceVersion "1"]
[SourceVersionDate "2011.11.24"]
[SourceQuality "1"]

1. e4 d6 2. d4 Nf6 3. Nc3 g6 4. Bg5 Bg7 5. Qd2 Nbd7 6. 0-0-0 0-0 7. e5 Ne8 8. f4 Nb6 9. Nf3 f6 10. exf6 Nxf6 11. Bd3 c6 12. Kb1 Qc7 13. h3 Nfd5 14. Nxd5 cxd5 15. Rhe1 Bf5 16. Bxf5 Rxf5 17. Rxe7 1-0

[Event "Cheliabinsk-ch 1L op"]
[Site "Cheliabinsk"]
[Date "2010.01.28"]
[Round "7"]
[White "Khazhipov, Timur"]
[Black "Protasov, Alexey"]
[Result "0-1"]
[WhiteElo "1954"]
[BlackElo "1929"]
[PlyCount "120"]
[EventDate "2010.01.??"]
[EventType "swiss"]
[EventRounds "9"]
[EventCountry "RUS"]
[SourceTitle "EXT 2012"]
[Source "ChessBase"]
[SourceDate "2011.11.24"]
[SourceVersion "1"]
[SourceVersionDate "2011.11.24"]
[SourceQuality "1"]

1. e4 d6 2. d4 Nf6 3. Nc3 g6 4. Be2 Bg7 5. Nf3 0-0 6. 0-0 Nbd7 7. e5 dxe5 8. dxe5 Ng4 9. e6 Nde5 10. h3 Nxf3+ 11. Bxf3 Ne5 12. exf7+ Kh8 13. Qxd8 Nxf3+ 14. gxf3 Rxd8 15. Re1 e6 16. Bf4 Rf8 17. Rad1 c6 18. Ne4 e5 19. Bg5 Rxf7 20. Rd8+ Rf8 21. Rxf8+ Bxf8 22. Kg2 Bf5 23. c3 Bxe4 24. fxe4 h6 25. Be3 Rd8 26. Bxa7 Ra8 27. Bb6 Rxa2 28. b4 Rc2 29. Bc7 Bg7 30. Rd1 g5 31. Rd8+ Kh7 32. Rd7 Kg6 33. Bb8 Bf6 34. Rd3 Kf7 35. Ba7 Ke6 36. Be3 Be7 37. Kf3 h5 38. Bd2 Rb2 39. Be1 Rb3 40. Ke2 c5 41. bxc5 Bxc5 42. Rd8 Rb1 43. Bd2 Be7 44. Rg8 Kf7 45. Rh8 Kg6 46. Kd3 Rb2 47. Re8 Bf6 48. Rb8 Rb1 49. c4 g4 50. hxg4 h4 51. Ra8 Rb2 52. g5 Bg7 53. Rd8 h3 54. Rd6+ Kh7 55. g6+ Kg8 56. Rd8+ Bf8 57. g7 Kxg7 58. Bh6+ Kxh6 59. Rxf8 Kg7 60. Rf3 h2 0-1

[Event "Cheliabinsk-ch 1L op"]
[Site "Cheliabinsk"]
[Date "2010.01.21"]
[Round "5"]
[White "Shurunov, Andrei"]
[Black "Protasov, Alexey"]
[Result "1/2-1/2"]
[WhiteElo "1882"]
[BlackElo "1929"]
[PlyCount "75"]
[EventDate "2010.01.??"]
[EventType "swiss"]
[EventRounds "9"]
[EventCountry "RUS"]
[SourceTitle "EXT 2012"]
[Source "ChessBase"]
[SourceDate "2011.11.24"]
[SourceVersion "1"]
[SourceVersionDate "2011.11.24"]
[SourceQuality "1"]

1. e4 c5 2. Nf3 d6 3. d4 cxd4 4. Nxd4 Nf6 5. Nc3 a6 6. Be2 e6 7. Be3 Be7 8. Qd2 Bd7 9. 0-0-0 Nc6 10. f3 Qc7 11. g4 0-0-0 12. Nb3 Na5 13. Kb1 Nc4 14. Bxc4 Qxc4 15. Bb6 Rdf8 16. a3 Kb8 17. Na5 Qc8 18. Qe3 Bc6 19. Ba7+ Ka8 20. Nc4 Nd7 21. Nxd6 Bxd6 22. Rxd6 Qc7 23. Bc5 Rc8 24. Rd2 Nxc5 25. Qxc5 Rhd8 26. Rhd1 Rxd2 27. Rxd2 Rd8 28. Rxd8+ Qxd8 29. Qh5 Qf6 30. Qxh7 Qxf3 31. Qh8+ Ka7 32. Qxg7 f6 33. Qh6 Bxe4 34. Nxe4 Qxe4 35. Qxf6 Qxg4 36. b3 Qg1+ 37. Kb2 Qxh2 38. Qxe6 1/2-1/2

[Event "Cheliabinsk Winter op"]
[Site "Cheliabinsk"]
[Date "2009.11.30"]
[Round "2"]
[White "Bakin, Alexander1111"]
[Black "Protasov, Alexey"]
[Result "1-0"]
[WhiteElo "2254"]
[BlackElo "1967"]
[PlyCount "74"]
[EventDate "2009.11.30"]
[EventType "swiss"]
[EventRounds "9"]
[EventCountry "RUS"]
[SourceTitle "EXT 2012"]
[Source "ChessBase"]
[SourceDate "2011.11.24"]
[SourceVersion "1"]
[SourceVersionDate "2011.11.24"]
[SourceQuality "1"]

1. e4 c5 2. Nf3 Nc6 3. c3 d6 4. Bc4 Nf6 5. Qe2 Bg4 6. h3 Bh5 7. d3 a6 8. Nbd2 d5 9. exd5 Nxd5 10. Ne4 b5 11. Bb3 e6 12. Bg5 Qd7 13. Rd1 Ne5 14. g4 Nxf3+ 15. Qxf3 Bg6 16. 0-0 Rc8 17. Rfe1 Nb6 18. Nf6+ gxf6 19. Qxf6 Qe7 20. Bxe6 Qxf6 21. Bxc8+ Qe7 22. Bxa6 Kd8 23. Bxe7+ Bxe7 24. Bxb5 f5 25. Re6 Nc8 26. d4 c4 27. Bxc4 Bf7 28. Rc6 Na7 29. Ra6 Bxc4 30. Rxa7 Re8 31. Ra8+ Kd7 32. Rxe8 Kxe8 33. b3 Be2 34. Re1 Bf3 35. gxf5 Kd7 36. Re3 Bd1 37. Kg2 Bc2 1-0

[Event "Cheliabinsk Panchenko Memorial 1st"]
[Site "Cheliabinsk"]
[Date "2009.10.10"]
[Round "6"]
[White "Mazyrin, Yuri"]
[Black "Protasov, Alexey"]
[Result "1/2-1/2"]
[WhiteElo "2157"]
[BlackElo "2026"]
[PlyCount "55"]
[EventDate "2009.10.06"]
[EventType "swiss"]
[EventRounds "9"]
[EventCountry "RUS"]
[SourceTitle "EXT 2010"]
[Source "ChessBase"]
[SourceDate "2010.11.25"]
[SourceVersion "1"]
[SourceVersionDate "2010.11.25"]
[SourceQuality "1"]

1. e4 c5 2. g3 Nc6 3. Bg2 Nf6 4. Nc3 d6 5. d3 e6 6. f4 Be7 7. Nf3 0-0 8. 0-0 Qb6 9. Kh1 Bd7 10. h3 Rac8 11. g4 Nd4 12. Ne2 Nxe2 13. Qxe2 Bb5 14. c4 Bc6 15. f5 exf5 16. exf5 Rfe8 17. Qf2 h6 18. Bf4 Nd7 19. h4 Bf6 20. g5 hxg5 21. hxg5 Be5 22. Nxe5 Nxe5 23. Rad1 Ng4 24. Qd2 Re7 25. b3 Rce8 26. Rde1 Qd8 27. Bxc6 bxc6 28. Rxe7 1/2-1/2